Fikcyjne postacie według obrazu na literę N - Statystyki

Ogólne statystyki
  • Ten quiz został rozwiązany 34 razy
  • Średni wynik to 6 z 16
Statystyki odpowiedzi
Obrazkowy Odpowiedź % Poprawnych
Nemo
97%
Neptun
88%
Naruto Uzumaki
74%
Nessie
74%
Neo
65%
Nala
50%
Nick Fury
47%
Neville Longbottom
41%
Norman Bates
15%
Nancy Wheeler
12%
Ned Flanders
12%
Nacho
9%
Napoleon Wybuchowiec
6%
Negan Smith
6%
Nell Kellty
6%
Nathan Detroit
3%
Nie znaleziono quizów pasujących do podanych kryteriów
Rozkład punktacji
Procent ludzi z każdym wynikiem
Percentyl według liczby udzielonych odpowiedzi
Twoja historia wyników
Nie rozwiązałeś tego quizu